<?xml version="1.0" encoding="UTF-8"?>
<marc:record xmlns:marc="http://www.loc.gov/MARC21/slim">
   <marc:leader>00000nam a2200000 a 4500</marc:leader>
   <marc:datafield ind1="1" ind2=" " tag="100">
      <marc:subfield code="a">Rath, Hans</marc:subfield>
      <marc:subfield code="4">aut</marc:subfield>
      <marc:subfield code="e">Verfasser/-in</marc:subfield>
   </marc:datafield>
   <marc:datafield ind1="1" ind2=" " tag="100">
      <marc:subfield code="a">Rai, Edgar</marc:subfield>
      <marc:subfield code="4">aut</marc:subfield>
      <marc:subfield code="e">Verfasser/-in</marc:subfield>
   </marc:datafield>
   <marc:datafield ind1="1" ind2=" " tag="100">
      <marc:subfield code="a">Herbst, Christoph Maria</marc:subfield>
   </marc:datafield>
   <marc:datafield ind1="0" ind2="0" tag="245">
      <marc:subfield code="a">Bullenbrüder - Tote haben keine Ferien</marc:subfield>
   </marc:datafield>
   <marc:datafield ind1="0" ind2="0" tag="245">
      <marc:subfield code="c">Hans Rath ; Edgar Rai</marc:subfield>
   </marc:datafield>
   <marc:datafield ind1=" " ind2="1" tag="264">
      <marc:subfield code="a">Berlin</marc:subfield>
      <marc:subfield code="b">argon hörbuch</marc:subfield>
      <marc:subfield code="c">2020</marc:subfield>
   </marc:datafield>
   <marc:datafield ind1="1" ind2=" " tag="520">
      <marc:subfield code="a">Man mag es kaum glauben: Charlie hat einen Job. Die Fluglinie Air Brandenburg musste Insolvenz anmelden und jetzt haben die vier Aufsichtsräte Fracksausen, weil jeder von ihnen Millionen kassiert, während die Belegschaft auf der Straße sitzt. Also wollen sie Personenschützer. Und so kutschiert Charlie neuerdings Dr. Dr. Hundt in einem fetten Mercedes durch die Gegend. Das mit dem Job war höchste Zeit, denn zu Hause bei Holger wird die Luft dicker und dicker. Wegen Mutter Anita. Sie strapaziert die Nerven aller Beteiligten gehörig. So ist Holger insgeheim ganz dankbar, als ihm ein neuer Fall auf den Tisch flattert. Und bald ist klar: Die Brüder haben wieder gemeinsam etwas zu klären, ob sie wollen oder nicht.</marc:subfield>
   </marc:datafield>
   <marc:datafield ind1=" " ind2=" " tag="020">
      <marc:subfield code="a">9783839894538</marc:subfield>
      <marc:subfield code="9">9783839894538</marc:subfield>
   </marc:datafield>
   <marc:datafield ind1="0" ind2=" " tag="490">
      <marc:subfield code="v">0</marc:subfield>
   </marc:datafield>
   <marc:datafield ind1=" " ind2=" " tag="300">
      <marc:subfield code="a">7 Stunden 10 Minuten</marc:subfield>
   </marc:datafield>
</marc:record>
